Greenspeak : a study of environmental discourse
Αποθηκεύτηκε σε:
| Κύριος συγγραφέας: | |
|---|---|
| Άλλοι συγγραφείς: | , |
| Μορφή: | Βιβλίο |
| Γλώσσα: | English |
| Δημοσίευση: |
Thousand Oaks, Calif. :
Sage,
1999
|
| Θέματα: | |
| Ετικέτες: |
Προσθήκη ετικέτας
Δεν υπάρχουν, Καταχωρήστε ετικέτα πρώτοι!
|
MARC
| LEADER | 00000nam a2200000 i 4500 | ||
|---|---|---|---|
| 001 | 1/102283 | ||
| 008 | 090306s1999 eng d | ||
| 020 | |a 0-7619-1704-7 | ||
| 035 | |l 10103600 | ||
| 040 | |a GR-MY-UA |b gre |e aacr | ||
| 041 | 0 | |a eng | |
| 082 | 0 | |a 179.1 |2 (22) | |
| 100 | 1 | |a Harre, Rom. | |
| 245 | 1 | 0 | |a Greenspeak : |b a study of environmental discourse / |c Rom Harre, Jens Brockmeier, Peter Muhlhausler |
| 260 | |a Thousand Oaks, Calif. : |b Sage, |c 1999 | ||
| 300 | |a xi, 204 σ.; |c 24 εκ. | ||
| 504 | |a Βιβλιογραφία: σ. 189-198 | ||
| 504 | |a Ευρετήριο: σ. 199-201 | ||
| 650 | 0 | 0 | |a Environmental ethics. |
| 650 | 0 | 0 | |a Environmentalism. |
| 650 | 0 | 0 | |a Environmental sciences |x Philosophy. |
| 700 | 1 | |a Brockmeier, Jens. | |
| 700 | 1 | |a Muhlhausler, Peter. | |
| 852 | |a INST |b LESVOS |e 20090306 |h 179.1 HAR |p 005100039846 |q 005100039846 |t BK |y 0 | ||
| 901 | |a BIBL1-2009-1 | ||
| 909 | |a Λ |b 156327 | ||
| 922 | |a 1ΕΛΗ |b 200810 |c ΕΠΕΑΕΚ2/ΤΠ |d ΜΙΧΑΛΟΠΟΥΛΟΣ | ||
| 970 | |a ΚΑΡΑ |b ΓΙΑΣΕΜΗ |z 2009/03/06 | ||